Statistics for Every Sheena Easton song that hit the Billboard hot 100

Click here to take the quiz!

General Stats

  • This quiz has been taken 5 times
  • The average score is 8 of 20

Answer Stats

Peak Chart PositionYearSong% Correct
11981Morning Train (Nine To Five)
100%
41981For Your Eyes Only
75%
71984Strut
75%
91985Sugar Walls
75%
301982When He Shines
50%
61983We've Got Tonight
50%
91983Telefone (long Distance Love Affair)
50%
151982You Could Have Been With Me
50%
181981Modern Girl
50%
571982Machinery
50%
791984Devil In A Fast Car
25%
651986Jimmy Mack
25%
801985Swear
25%
291985Do It For Love
25%
21989The Lover In Me
25%
361989The Arms Of Orion
0%
431986So Far So Good (From "About Last Night")
0%
641982I Wouldn't Beg For Water
0%
191991What Comes Naturally
0%
251984Almost Over You
0%

Score Distribution

Percentile by Number Answered

Percent of People with Each Score

Your Score History

You have not taken this quiz